00330nam a2200121Ia 4500008004100000041000800041082001600049100002000065245004500085260003700130300003000167365001100197240624s9999 xx 000 0 und d aeng a658.812 SHE aSHETH JAGDISH N aCUSTOMER RELATIONSHIP MANAGEMENT EMERGIN c2014aNew DelhibTata McGrawhill axv, : 544 : p. : cm. ; 25 cRSb33